000
00251 a2200109 4500
001
90255
082
_a
923.15487 SHA
090
_c
42574
_d
42574
100
_a
Safdar Shaheen
245
_a
Haider Ali
260
_a
Karachi
_b
Children Books Pub
_c
2006
942
_a
NUST-CAE
_k
923.15487 SHA
999
_c
325328
_d
325328